[Event "Swedish Elitserien 2021-22"]
[Site "Sodertalje"]
[Date "2022.05.13"]
[Round "7.11"]
[White "Wessman, Richard"]
[Black "Hauge, Lars Oskar"]
[Result "0-1"]
[WhiteElo "2422"]
[BlackElo "2528"]
[Annotator "TA"]
[PlyCount "56"]
[EventDate "2022.05.13"]
[EventType "team-tourn"]
[EventCountry "SWE"]
[SourceTitle "playchess.com"]
[Source "ChessBase"]
[SourceQuality "1"]

{[%evp 10,56,22,-1,92,103,111,100,122,79,62,-20,-16,-7,-20,-7,-9,-1,0,-19,-11,-23,-27,-37,-37,-37,-35,-35,-14,-33,-41,-43,-38,-129,-44,-42,-40,-79,-73,-66,-74,-550,-538,-1175,-1172,-1674,-1614,-1475,-1450]} 1. b3 {[%emt 0:00:25]} e5 {[%emt 0:02:19]} 2. Bb2 {[%emt 0:00:10]} Nc6 {[%emt 0:00:06]} 3. e3 {[%emt 0:00:20]} d5 {[%emt 0:01:24]} 4. Bb5 {[%emt 0:00:31]} Bd6 {[%emt 0:03:32]} 5. Nf3 {[%emt 0:03:04]} Qe7 {[%emt 0:10:21]} 6. c4 {[%emt 0:16:17]} a6 {[%emt 0:13:12] A01: Nimzowitsch-Larsen Opening.} (6... dxc4 $11 {keeps the balance.} 7. Bxc4 Nf6) 7. Bxc6+ $16 {[%emt 0:00:30]} bxc6 {[%emt 0:00:07]} 8. c5 $1 {[%emt 0:07:09]} Bxc5 {[%emt 0:00:35] White is better.} 9. Nxe5 {[%emt 0:00:12] And now Qc2 would win.} Bd6 {[%emt 0:02:58]} 10. f4 {[%emt 0:08:14]} (10. Nxc6 $14 Qg5 11. g3) 10... Qh4+ $1 $11 {[%emt 0:03:33]} 11. g3 {[%emt 0:00:11]} Qh3 $36 {[%emt 0:00:18][%mdl 2048] [#] Black has the initiative.} 12. Qf3 $146 {[%emt 0:01:55]} ({Predecessor:} 12. Qc2 Qg2 13. Qxc6+ Ke7 14. Rf1 Bh3 15. Rf2 Qh1+ 16. Ke2 Bxe5 17. Nc3 Bg4+ 18. Kd3 Bf5+ 19. Ke2 Bg4+ {½-½ (19) Larino Nieto,D (2451)-Arribas Lopez,A (2537) Sanxenxo 2015}) 12... Ne7 {[%emt 0:01:04]} 13. Nc3 {[%emt 0:08:10][%cal Bb1c3,Bc3d1,Bd1f2][%mdl 32]} O-O {[%emt 0:02:08]} 14. Nd1 {[%emt 0:01:39]} c5 {[%emt 0:16:00]} 15. Nf2 {[%emt 0:05:32]} Qe6 {[%emt 0:01:02]} 16. O-O {[%emt 0:04:56]} f6 {[%emt 0:01:10]} 17. Ned3 {[%emt 0:08:16]} Rb8 $1 {[%emt 0:01:08]} 18. Ba3 {[%emt 0:00:29]} c4 {[%emt 0:04:42]} 19. Nc5 {[%emt 0:00:12]} Qf7 {[%emt 0:01:59]} 20. bxc4 {[%emt 0:05:04]} dxc4 {[%emt 0:00:58][%cal Bd5c4,Bc4c3,Bc3c2][%mdl 32]} 21. Rab1 {[%emt 0:01:24] [#]} (21. Rfc1 $15) 21... Rxb1 {[%emt 0:00:15]} ({Better is} 21... Rb5 $1 $17 {[%cal Rb5c5]} 22. Nfe4 Qd5) 22. Rxb1 $15 {[%emt 0:00:01]} c3 {[%emt 0:00:13]} 23. Rb3 {[%emt 0:03:31] [#]} c2 $1 {[%emt 0:02:03] Inhibits Qd1. Threatens to win with ...Bxc5.} ({Much worse is} 23... cxd2 $6 24. Qe2 $11) 24. Nfd3 {[%emt 0:04:58]} Rd8 {[%emt 0:00:18] ...Bxc5 is the strong threat.} 25. Qf1 $2 {[%emt 0:01:35][%mdl 8192] Now White is beyond hope.} (25. Bc1 $17) 25... Qh5 $19 {[%emt 0:01:17] Black is clearly winning.} 26. Rc3 {[%emt 0:03:19]} Bh3 {[%emt 0:00:26]} 27. Qe1 {[%emt 0:02:56]} Qf3 {[%emt 0:00:38][%csl Gh3][%cal Rf3g2]} 28. Qf2 {[%emt 0:01:54] Against Qg2+} Qd1+ {[%emt 0:00:14] Weighted Error Value: White=0.86/Black=0.13 (very precise)} 0-1

[Event "Swedish Elitserien 2021-22"]
[Site "Sodertalje"]
[Date "2022.05.13"]
[Round "7.12"]
[White "Olund, Joar"]
[Black "Meshkovs, Nikita"]
[Result "1-0"]
[WhiteElo "2379"]
[BlackElo "2553"]
[Annotator "TA"]
[PlyCount "119"]
[EventDate "2022.05.13"]
[EventType "team-tourn"]
[EventCountry "SWE"]
[SourceTitle "playchess.com"]
[Source "ChessBase"]
[SourceQuality "1"]

{[%evp 9,119,0,0,0,1,4,9,7,0,-20,-21,-18,2,0,30,17,31,27,41,33,40,21,61,46,70,16,11,13,8,0,0,0,0,0,0,0,0,-18,-2,-54,-53,-48,-35,-53,-44,-50,-42,-42,-47,-39,0,0,0,0,0,0,0,-4,0,0,0,0,0,-14,-6,-12,-12,-11,-13,-17,-13,-14,-15,-32,-26,-27,-21,-38,-19,-25,-25,-25,-25,-25,-25,-61,-54,-57,-33,-33,-27,-34,0,0,0,0,29966,29967,29968,29968,29969,29966,29976,29977,29977,29978,29979,0,29979,29977,29973,0]} 1. d4 {[%emt 0:00:18]} Nf6 {[%emt 0:00:29]} 2. Bg5 {[%emt 0:00:19]} d5 {[%emt 0:01:56]} 3. e3 {[%emt 0:09:42]} Ne4 {[%emt 0:09:23]} 4. Bf4 {[%emt 0:02:51]} Nd7 {[%emt 0:04:58]} 5. Nf3 {[%emt 0:03:27]} e6 {[%emt 0:05:12]} 6. h4 {[%emt 0:01:02] Against g5. D03: 1 d4 d5 2 Nf3 Nf6 3 Bg5, including Torre Attack with early ...d5.} c5 {[%emt 0:01:50]} 7. c3 {[%emt 0:05:41] [#]} Qb6 $146 {[%emt 0:02:26]} ({Predecessor:} 7... Bd6 8. Bxd6 Nxd6 9. dxc5 Nxc5 10. Qd4 Qb6 11. b4 Nce4 12. Qxg7 Rf8 13. Qd4 Qc7 {0-1 (63) Navarro,E-Nikolic,S (2366) Estensi 2001}) 8. Qb3 {[%emt 0:00:48] The position is equal.} Bd6 {[%emt 0:03:18]} 9. Bd3 {[%emt 0:14:59]} Bxf4 {[%emt 0:05:17]} 10. Qxb6 {[%emt 0:19:43]} Nxb6 {[%emt 0:04:59]} 11. exf4 {[%emt 0:00:43]} Ke7 {[%emt 0:03:00]} 12. Nbd2 {[%emt 0:05:11]} cxd4 {[%emt 0:00:38]} 13. Nxd4 {[%emt 0:02:43]} (13. Bxe4 dxc3 14. bxc3 dxe4 15. Nxe4 Bd7 $15) 13... Nc5 {[%emt 0:00:06]} 14. Bc2 {[%emt 0:00:45]} Bd7 {[%emt 0:10:46]} 15. O-O-O {[%emt 0:03:31]} a5 {[%emt 0:02:38]} 16. Rhe1 {[%emt 0:02:22]} Kd6 {[%emt 0:04:35]} 17. c4 {[%emt 0:00:44] White is more active.} (17. b3 $14) 17... Kc7 $11 {[%emt 0:00:52]} 18. cxd5 {[%emt 0:01:33]} Nxd5 {[%emt 0:02:17]} 19. g3 {[%emt 0:04:34]} Nb4 {[%emt 0:00:49]} 20. Kb1 {[%emt 0:00:27]} Nxc2 {[%emt 0:01:48]} 21. Kxc2 {[%emt 0:00:46]} Rhd8 {[%emt 0:02:37]} 22. Nc4 {[%emt 0:08:04]} f6 {[%emt 0:02:10]} 23. Kb1 {[%emt 0:04:26]} Be8 {[%emt 0:11:14]} 24. g4 {[%emt 0:01:27]} (24. Nxe6+ $2 Nxe6 25. Rxd8 Bg6+ 26. Kc1 Nxd8 $19) (24. Kc1 $11) 24... b5 $15 {[%emt 0:00:57]} 25. Na3 {[%emt 0:01:40]} Kb6 {[%emt 0:05:39]} 26. Nxe6 {[%emt 0:01:41]} Rxd1+ {[%emt 0:00:06]} 27. Rxd1 {[%emt 0:00:01] Black must now prevent Rd6+.} Nxe6 {[%emt 0:00:06]} ({Don't do} 27... Bg6+ 28. f5 Nxe6 29. fxg6 $16) 28. Rd6+ {[%emt 0:00:05]} Kc5 {[%emt 0:00:01]} 29. Rxe6 {[%emt 0:00:07][%mdl 4096] Endgame KRB-KRN} Bd7 {[%emt 0:00:02]} (29... Rd8 $5 {[%cal Rb5b4]} 30. Re1 Bd7 $15) 30. Re7 {[%emt 0:01:08][%csl LRd7,LRg7]} Bxg4 {[%emt 0:00:01]} 31. Rxg7 {[%emt 0:01:32]} Bf5+ {[%emt 0:00:01]} 32. Kc1 $1 {[%emt 0:00:23]} Rc8 {[%emt 0:00:01] And now ...b4 would win.} 33. Kd1 {[%emt 0:02:02]} Kb6 {[%emt 0:05:18]} 34. Rf7 {[%emt 0:01:08]} Rc6 {[%emt 0:01:00] Threatens to win with ...Bg6.} 35. Rf8 {[%emt 0:01:23]} Rd6+ {[%emt 0:08:44]} 36. Ke1 {[%emt 0:00:13]} Bd3 {[%emt 0:01:05][%mdl 1024] aiming for ...b4. Black has compensation.} 37. Rb8+ {[%emt 0:00:24]} Kc5 38. Rc8+ {[%emt 0:00:36]} Kd4 {[%emt 0:00:15]} 39. Nc2+ {[%emt 0:00:51]} Ke4 {[%emt 0:00:01]} 40. Ne3 {[%emt 0:00:34]} Kxf4 {[%emt 0:01:09]} 41. a4 {[%emt 0:12:38]} bxa4 {[%emt 0:02:50]} 42. Rc5 {[%emt 0:00:44]} Kf3 {[%emt 0:10:06]} 43. Rxa5 {[%emt 0:01:03]} Rd4 {[%emt 0:00:55]} 44. Rd5 {[%emt 0:03:51]} Ke4 {[%emt 0:05:18]} 45. Rxd4+ {[%emt 0:01:23]} Kxd4 $11 {[%emt 0:00:01] KB-KN} 46. Kd2 {[%emt 0:00:18]} Bg6 {[%emt 0:10:41]} 47. Nd1 {[%emt 0:05:02]} Be8 {[%emt 0:01:21]} 48. Nc3 {[%emt 0:02:46]} Bd7 {[%emt 0:00:45]} 49. Ne2+ {[%emt 0:03:26]} Kc4 {[%emt 0:01:26]} 50. Ng3 {[%emt 0:01:56]} Bg4 {[%emt 0:02:11]} 51. Ne4 {[%emt 0:00:21]} f5 {[%emt 0:00:02]} 52. Ng5 {[%emt 0:01:43]} h5 {[%emt 0:00:01][%mdl 8192] [#]} (52... Kb3 $11 53. Kc1 (53. f3 $2 Kxb2 54. fxg4 fxg4 $19) 53... h6) 53. f3 {[%emt 0:00:50]} Kd4 {[%emt 0:00:19]} 54. fxg4 {[%emt 0:00:26]} fxg4 {[%emt 0:00:01] KN-K3P} 55. Ke2 {[%emt 0:00:31]} g3 {[%emt 0:02:42]} 56. Kf3 {[%emt 0:00:52]} Kc4 {[%emt 0:02:15]} 57. Ne6 Kd5 58. Kxg3 $2 Kc4 $2 {[%emt 0:00:09][%mdl 8192] [#]} (58... Kxe6 $11 59. Kf4 Kf6) 59. Nf4 Kb3 {[%emt 0:00:24]} 60. Ne2 $2 {[%mdl 32768] Weighted Error Value: White=0.18 (very precise) /Black=0.29 (precise) . Loss on time!?} (60. Nd3 {mates} Kc4 61. Nc1 Kd5 62. Kf4 Kd4 63. Kg5 Ke3 64. Na2 Kf2 65. Nc3) 1-0

[Event "Swedish Elitserien 2021-22"]
[Site "Sodertalje"]
[Date "2022.05.13"]
[Round "7.13"]
[White "Moreau, Teodor"]
[Black "Cederstam, Carl"]
[Result "1-0"]
[WhiteElo "2329"]
[BlackElo "2342"]
[Annotator "TA"]
[PlyCount "90"]
[EventDate "2022.05.13"]
[EventType "team-tourn"]
[EventCountry "SWE"]
[SourceTitle "playchess.com"]
[Source "ChessBase"]
[SourceQuality "1"]

{[%evp 17,90,14,25,27,26,0,0,0,-4,0,10,18,20,12,3,5,43,8,13,31,27,22,22,-8,-20,-18,-23,-10,-33,-97,223,223,223,225,219,158,161,140,219,212,237,237,236,176,164,160,225,196,204,203,213,199,204,181,220,219,249,247,293,282,368,340,318,297,413,331,551,544,557,541,825,765,5941,5547,29983]} 1. d4 {[%emt 2:19:52]} Nf6 {[%emt 0:01:03]} 2. Nf3 {[%emt 0:01:06]} d5 {[%emt 0:02:57]} 3. c4 {[%emt 0:00:37]} e6 {[%emt 0:01:34]} 4. Nc3 {[%emt 0:01:45]} Be7 {[%emt 0:02:08]} 5. Bg5 {[%emt 0:00:55]} Nbd7 {[%emt 0:01:10]} 6. e3 {[%emt 0:00:33]} h6 {[%emt 0:00:41]} 7. Bh4 {[%emt 0:00:53]} O-O {[%emt 0:00:12]} 8. Qc2 {[%emt 0:02:35]} c5 {[%emt 0:05:18]} 9. cxd5 {[%emt 0:03:40]} Nxd5 {[%emt 0:02:22]} 10. Bxe7 {[%emt 0:06:51] D61: Queen's Gambit Declined: Classical: 7 Qc2.} Nxe7 {[%emt 0:00:14] [#]} 11. Bb5 $146 {[%emt 0:05:56]} ({Predecessor:} 11. Be2 cxd4 12. Nxd4 Nf6 13. O-O Bd7 14. Qb3 Qa5 15. Rfd1 Rab8 16. Bf3 Rfd8 17. a3 e5 18. Ndb5 a6 19. Nd6 Be6 20. Qb4 Qxb4 21. axb4 Ned5 22. Bxd5 Rxd6 23. Bxe6 Rxe6 24. Ra5 Rb6 {½-½ (24) Gagunashvili,M (2584)-Kuzubov,Y (2642) Tornelo INT 2021}) 11... cxd4 {[%emt 0:03:20]} 12. Nxd4 {[%emt 0:00:29] The position is equal.} a6 {[%emt 0:00:56]} 13. Be2 {[%emt 0:02:09]} Qc7 {[%emt 0:03:42]} 14. O-O {[%emt 0:04:36]} Nf6 {[%emt 0:12:50]} 15. Rac1 {[%emt 0:06:49][%cal Ba1c1,Bc1c7,Bc7c5,Bc5e5,Be5e2][%mdl 32]} e5 {[%emt 0:05:23]} 16. Nf3 {[%emt 0:16:58][%cal Oc3d5]} b5 {[%emt 0:27:15]} 17. Nd5 {[%emt 0:07:33]} Nfxd5 {[%emt 0:05:35]} 18. Qxc7 {[%emt 0:00:37]} Nxc7 {[%emt 0:00:02]} 19. Rxc7 {[%emt 0:00:30]} Re8 {[%emt 0:01:47]} 20. Nxe5 {[%emt 0:10:52] aiming for Bf3.} Nd5 $1 {[%emt 0:11:28][%csl LRc7,LRe5]} 21. Rc5 {[%emt 0:00:24]} Rxe5 {[%emt 0:00:26]} 22. Bf3 {[%emt 0:01:16]} Be6 {[%emt 0:00:22] White must now prevent ...Rc8.} 23. Rd1 {[%emt 0:20:11] [#]} (23. e4 $15) 23... Nxe3 $2 {[%emt 0:01:11][%mdl 8192] Black cannot hold the game after this.} 24. Rxe5 $18 {[%emt 0:00:12]} Nxd1 {[%emt 0:00:06]} 25. Bxa8 {[%emt 0:00:10] And now Re2 would win.} Nxb2 $17 {[%emt 0:00:55][%mdl 4096] Endgame KRB-KBN} 26. Re2 {[%emt 0:00:48]} Na4 {[%emt 0:00:35]} 27. a3 {[%emt 0:00:34]} Nb6 {[%emt 0:00:50]} (27... Kf8 $16 28. f4 Nc3) 28. Bb7 {[%emt 0:01:09]} a5 {[%emt 0:07:44]} 29. Re5 {[%emt 0:00:23]} Bd7 {[%emt 0:01:11]} 30. Bd5 {[%emt 0:03:37]} Kf8 {[%emt 0:00:12] Strongly threatening ...f6.} 31. Bb3 {[%emt 0:00:17]} a4 {[%emt 0:00:58] [#]} (31... f6 $16 {keeps fighting.} 32. Re1 Be8) 32. Ba2 $1 $18 {[%emt 0:00:07]} f6 {[%emt 0:00:31]} 33. Re3 {[%emt 0:00:17]} ({Resist} 33. Rc5 $6 Ke7 $16) 33... Be8 {[%emt 0:00:35]} 34. Re6 {[%emt 0:00:33]} Nd7 {[%emt 0:00:21]} 35. Ra6 {[%emt 0:00:27]} Nc5 {[%emt 0:00:24]} 36. Ra7 {[%emt 0:00:21]} Ne4 {[%emt 0:00:35]} 37. Rc7 {[%emt 0:00:19] Prevents Nc3.} Nd2 {[%emt 0:00:36]} 38. f3 {[%emt 0:00:21]} Bg6 {[%emt 0:00:31]} 39. Kf2 {[%emt 0:01:05]} Nb3 {[%emt 0:00:30]} 40. Ke3 {[%emt 0:00:42] Inhibits Nd4.} h5 {[%emt 0:00:32]} 41. h4 {[%emt 0:00:58]} Bf5 $2 {[%emt 0:02:06]} (41... Bf7 42. Bxb3 axb3) 42. Rb7 {[%emt 0:01:01] White is clearly winning.} Na1 {[%emt 0:00:36]} 43. Rxb5 {[%emt 0:01:25]} Nc2+ {[%emt 0:00:16]} 44. Kd2 {[%emt 0:00:19]} g6 {[%emt 0:05:12] [#]} 45. Rxf5 $1 {[%emt 0:00:49][%mdl 512]} Na1 {[%emt 0:00:27] Weighted Error Value: White=0.10 (very precise) /Black=0.45} (45... Nd4 46. Rxf6+) 1-0

[Event "Swedish Elitserien 2021-22"]
[Site "Sodertalje"]
[Date "2022.05.13"]
[Round "7.14"]
[White "Ertan, Can"]
[Black "Wedberg, Tom"]
[Result "0-1"]
[WhiteElo "2381"]
[BlackElo "2395"]
[Annotator "TA"]
[PlyCount "162"]
[EventDate "2022.05.13"]
[EventType "team-tourn"]
[EventCountry "SWE"]
[SourceTitle "playchess.com"]
[Source "ChessBase"]
[SourceQuality "1"]

{[%evp 15,162,52,44,13,33,33,39,21,28,31,40,37,14,33,52,47,53,57,125,116,122,116,125,104,177,181,181,181,174,169,181,162,170,169,185,133,143,128,115,120,112,112,110,99,191,158,145,149,161,187,180,153,138,54,60,79,97,12,122,121,137,130,106,22,38,22,27,16,12,10,12,0,0,-29,-1,-33,-31,-86,-103,-128,-106,-235,-153,-160,-131,-117,-106,-109,-94,-91,-45,-51,0,0,0,0,0,0,0,0,0,-20,0,-5,0,-23,-31,-12838,-12840,-12841,-12841,-12842,-12841,-12843,-12843,-12846,-12844,-12845,-12845,-12845,-12843,-12845,-12845,-12845,-12846,-12846,0,-12845,-12843,-12843,-12843,-12844,-12844,-12845,-12843,-12846,-12847,-12848,-12849,-12850,-12850,-29995,-12850,-12850,-287,-27999,-27999,-27999,-27999]} 1. e4 {[%emt 0:00:20]} e5 {[%emt 0:00:08]} 2. Nf3 {[%emt 0:00:05]} Nc6 {[%emt 0:00:05]} 3. Bb5 {[%emt 0:00:05]} a6 {[%emt 0:00:14]} 4. Ba4 {[%emt 0:00:06]} g6 {[%emt 0:00:17]} 5. c3 {[%emt 0:11:26]} d6 {[%emt 0:07:14]} 6. d4 {[%emt 0:01:50]} Bd7 {[%emt 0:01:06]} 7. Bg5 {[%emt 0:06:47]} f6 {[%emt 0:01:35]} 8. Be3 {[%emt 0:02:16]} Nh6 {[%emt 0:03:25] 8...Bg7 deserves study.} 9. Nbd2 {[%emt 0:05:45] C76: Ruy Lopez: Deferred Steinitz: 5 c3 Bd7 6 d4 g6.} Bg7 {[%emt 0:08:02]} 10. dxe5 {[%emt 0:06:11]} Nxe5 {[%emt 0:08:48]} 11. O-O {[%emt 0:06:36] [#] White is slightly better.} Nhf7 $146 {[%emt 0:13:58]} ({Predecessor:} 11... Nhg4 12. Nxe5 fxe5 13. Qxg4 Bxa4 14. c4 O-O 15. Nb1 Bd7 16. Qe2 Rf7 17. Nc3 Qf8 18. Qd2 Be6 {1-0 (40) Hickl,J (2510)-Loeffler,S (2305) Germany 1989}) 12. Bb3 {[%emt 0:10:26]} O-O {[%emt 0:06:19]} 13. h3 {[%emt 0:00:58]} Qe7 {[%emt 0:04:51]} 14. Nd4 {[%emt 0:05:23][%cal Bf3d4,Bd4e2,Be2f4,Bf4d5][%mdl 32]} c5 {[%emt 0:03:20]} 15. Ne2 {[%emt 0:00:14]} Kh8 {[%emt 0:15:21]} 16. Nf4 {[%emt 0:01:30]} f5 {[%emt 0:00:56]} ({Black should play} 16... Rae8 $14) 17. Nd5 $16 {[%emt 0:01:13]} Qd8 {[%emt 0:00:54]} 18. f4 {[%emt 0:01:11]} Nc6 {[%emt 0:00:26]} 19. Nc4 {[%emt 0:05:47] Black must now prevent Ndb6.} b5 {[%emt 0:07:57]} (19... Rb8 $16) 20. Ncb6 $18 {[%emt 0:00:48]} Rb8 {[%emt 0:00:25]} 21. Nxd7 {[%emt 0:00:25]} Qxd7 {[%emt 0:00:06]} 22. exf5 $1 {[%emt 0:00:34]} gxf5 {[%emt 0:00:53]} 23. Qh5 {[%emt 0:01:03]} Nh6 {[%emt 0:01:18]} 24. Rad1 {[%emt 0:00:47]} Rbe8 {[%emt 0:01:37]} 25. Bf2 {[%emt 0:05:00]} (25. Bc2 $18) 25... Na5 $16 {[%emt 0:04:33][%cal Bc6a5,Ba5c4,Bc4a3][%mdl 32]} 26. Bc2 {[%emt 0:01:38][%cal Bb3c2,Bc2d3,Bd3e2,Be2f3][%mdl 32]} Nc4 {[%emt 0:00:14] Against Ne3} 27. b3 {[%emt 0:02:49]} Na3 {[%emt 0:00:59]} 28. Bd3 {[%emt 0:00:06]} c4 {[%emt 0:00:21]} 29. Be2 {[%emt 0:01:06]} a5 {[%emt 0:03:58]} (29... Ng8 $16) 30. Bf3 {[%emt 0:11:08]} Ng8 {[%emt 0:04:55]} 31. Rfe1 {[%emt 0:00:20]} Rxe1+ {[%emt 0:00:27]} 32. Rxe1 {[%emt 0:00:48]} Nf6 {[%emt 0:00:19]} 33. Nb6 {[%emt 0:00:09]} Qf7 {[%emt 0:00:44]} 34. Qxf5 {[%emt 0:06:16]} (34. Qxf7 $1 $16 Rxf7 35. g4) 34... cxb3 $14 {[%emt 0:00:06]} 35. axb3 {[%emt 0:00:12]} Qxb3 {[%emt 0:00:07]} 36. Re7 {[%emt 0:00:21]} (36. Qd3 $16) 36... Qb1+ {[%emt 0:01:30]} (36... Qxc3 $11 {keeps the balance.} 37. Qg5 Ng8) 37. Qxb1 $16 {[%emt 0:00:07]} Nxb1 {[%emt 0:00:04]} 38. Bd4 {[%emt 0:00:16]} Nd2 {[%emt 0:01:17]} 39. Be2 {[%emt 0:03:27] A strong pair of Bishops.} (39. Bd1 $1 $16) 39... Nb3 $11 {[%emt 0:00:13]} 40. Be3 {[%emt 0:01:39]} ({Worse is} 40. Bxb5 Nxd4 41. cxd4 Rb8 $17) 40... b4 {[%emt 0:00:55]} 41. Bc4 {[%emt 0:01:11]} Nc5 {[%emt 0:01:06]} 42. cxb4 {[%emt 0:08:39]} axb4 {[%emt 0:00:18][%cal Ba5b4,Bb4b3,Bb3b2][%mdl 32]} 43. Bd4 {[%emt 0:00:05]} Nh5 {[%emt 0:01:20][%csl LRd4,LRf4]} (43... Rb8 {seems wilder.} 44. g4 Ne8 45. Be3 b3) 44. Bxg7+ {[%emt 0:00:19]} Nxg7 {[%emt 0:00:14]} 45. Nd5 {[%emt 0:00:13]} (45. Nd7 $5 {[%cal Rd7f8]} Rxf4 46. Bd5 $15) 45... b3 {[%emt 0:15:44] Threatens to win with ...b2.} 46. g4 {[%emt 0:00:51]} (46. Kf2 $15) 46... b2 $1 $17 {[%emt 0:01:11]} 47. Re1 {[%emt 0:06:33]} Ra8 {[%emt 0:07:47] Against Ba2. Hoping for ...Ra1.} 48. Nc3 {[%emt 0:00:11]} (48. Rb1 $17 Ra1 49. Nc3) 48... Ra3 {[%emt 0:00:45]} 49. Nb1 {[%emt 0:00:06] [#]} Ra4 {[%emt 0:00:08]} ({Not} 49... Rxh3 50. Kg2 Rh6 51. Nc3 $15) 50. Nd2 {[%emt 0:00:26]} d5 {[%emt 0:00:40]} 51. Bxd5 {[%emt 0:00:05]} Rd4 {[%emt 0:00:17]} 52. Nc4 {[%emt 0:00:17]} Nd3 {[%emt 0:01:02]} (52... Rxd5 $17 53. Nxb2 Nge6) 53. Rd1 $15 {[%emt 0:00:09][%cal Oc4b2] [#]} Rxd5 {[%emt 0:00:50]} (53... Nxf4 $1 $15 54. Nxb2 Rxd1+ 55. Nxd1 Nxd5) 54. Nxb2 $1 $11 {[%emt 0:00:03]} Nxf4 {[%emt 0:00:06]} 55. Rxd5 {[%emt 0:00:04]} Nxd5 {[%emt 0:00:05]} 56. Kf2 {[%emt 0:00:52]} Kg8 {[%emt 0:00:31]} 57. Nc4 {[%emt 0:03:46]} Kf7 {[%emt 0:00:17]} 58. Nd6+ {[%emt 0:01:08]} Ke7 {[%emt 0:00:58]} 59. Ne4 {[%emt 0:00:22]} Ne6 {[%emt 0:00:20]} 60. g5 {[%emt 0:02:18] Against Nf6} Kf7 {[%emt 0:00:37] ...Kg6 is the strong threat.} 61. Kg3 $2 {[%emt 0:03:16][%mdl 8192]} (61. Kf3 $15) 61... Kg6 $19 {[%emt 0:00:24]} 62. Kg4 {[%emt 0:01:01] [#]} Nxg5 $1 {[%emt 0:02:10][%mdl 512]} 63. Nf2 {[%emt 0:07:39]} (63. Nd6 h5+) 63... Nf7 {[%emt 0:02:00]} 64. Kg3 {[%emt 0:01:46]} Kf5 {[%emt 0:00:16]} 65. Kh4 {[%emt 0:00:27]} Nf6 {[%emt 0:00:29]} 66. Nd3 {[%emt 0:00:47]} Ne5 {[%emt 0:01:42]} 67. Nc1 {[%emt 0:00:29]} h6 {[%emt 0:00:56]} 68. Ne2 {[%emt 0:00:32]} Ke4 {[%emt 0:00:37]} 69. Kg3 {[%emt 0:01:07]} Ke3 {[%emt 0:00:23]} 70. Nc1 {[%emt 0:00:40]} Ke4 {[%emt 0:00:52]} 71. Ne2 $1 {[%emt 0:00:20]} Ng6 {[%emt 0:00:15]} 72. Nc3+ {[%emt 0:00:40]} Kf5 {[%emt 0:00:12]} 73. Ne2 {[%emt 0:00:19]} Ne4+ {[%emt 0:00:14]} 74. Kh2 {[%emt 0:01:03]} Nh4 {[%emt 0:00:41]} 75. Nd4+ {[%emt 0:00:12]} Kf4 {[%emt 0:00:19]} 76. Ne6+ {[%emt 0:01:09]} Kf3 {[%emt 0:00:08]} 77. Nd4+ {[%emt 0:02:12]} Kf2 {[%emt 0:00:06] ( -> ...Ng3)} 78. Kh1 {[%emt 0:00:27]} Nf3 {[%emt 0:00:39]} (78... Ng3+ $142 79. Kh2 h5 80. Ne6 Nf3#) 79. Nf5 {[%emt 0:00:07]} Ng3+ {[%emt 0:00:13]} 80. Nxg3 {[%emt 0:00:06]} Kxg3 {[%emt 0:00:06]} 81. h4 {[%emt 0:00:06]} Nxh4 {[%emt 0:00:07] Both players deserved the win here.  Weighted Error Value: White=0.18 (very precise) /Black=0.15 (very precise)} 0-1